| 000 | 00460nam a2200193 a 4500 | ||
|---|---|---|---|
| 001 | 1756624039826 | ||
| 003 | ACL | ||
| 005 | 20250831124003.0 | ||
| 008 | 250831s2003##################000#0#eng## | ||
| 020 | _a9780452284258 | ||
| 082 | 0 | 4 |
_a770 _bGRI |
| 100 | 1 |
_aGrimm, Tom, _eauthor. |
|
| 245 | 1 | 0 | _aThe Basic Book of Photography : |
| 260 |
_bPlume, _c2003. |
||
| 300 | _a680 pages | ||
| 650 | 0 | _aPhotography. | |
| 942 | _cENGLISH | ||
| 040 |
_aACL _beng _cACL |
||
| 999 |
_c584622 _d584622 |
||